|
|
|
|
| LEADER |
00000cam a2200000 a 4500 |
| 001 |
9107 |
| 005 |
20230308160729.0 |
| 008 |
000000| ||||||||r|||||||||||spa|| |
| 040 |
|
|
|b spa
|
| 041 |
1 |
|
|a eng
|
| 082 |
0 |
|
|a 634
|
| 100 |
1 |
|
|a Acosta Solís, Misael.
|d 1910-1994
|9 234912
|
| 245 |
|
|
|a The Republic of Ecuador
|c Misael Acosta-Solis
|h imp
|
| 264 |
|
|
|a s.l.
|b s.e.
|c s.f.
|
| 300 |
|
|
|a 10 páginas:
|c 28 cm
|
| 650 |
1 |
|
|a Agricultura ecuatoriana
|9 20179
|
| 852 |
|
|
|a UC-CDJBV
|c ESTANTERIA CERRADA
|f Donación
|k mariana.feican
|l 1
|m Limitada
|p 00000000
|q 1,00
|t 9107
|b 1
|d CDRC
|e CDRC
|g 634 ESTANTERIA CERRADA
|z 0000-00-00
|
| 942 |
|
|
|c BK
|
| 999 |
|
|
|c 11945
|d 11945
|